Mes devoto en honra de los doce amados discípulos de Cristo Sr. Nuestro, los santos apostoles.

Detalles Bibliográficos
Autor principal: GUTIÉRREZ De HUESCA, José Casimiro
Formato: Libro
Publicado: Puebla 1870
Materias:
Colección:Banco de datos
Acervo:Biblioteca del Convento de Santa Mónica de la Ciudad de Puebla. Puebla
Tema general:Ascética
Notas:Regular. C3, 7.
LEADER 00673nam a22001930004500
035 |a 51036 
036 |a 804 
100 1 |a GUTIÉRREZ De HUESCA, José Casimiro 
245 1 0 |a Mes devoto en honra de los doce amados discípulos de Cristo Sr. Nuestro, los santos apostoles. 
260 |a Puebla  |b imp. Pedro Alarcón  |c 1870 
500 |a Regular. C3, 7. 
650 1 0 |a Ascética 
949 |a CRP 
959 |a Ex convento de Santa Mónica. Puebla, Puebla  |b CCC5 
960 |a Convento de Santa Mónica de la ciudad de Puebla  |b DD88 
961 |a Franciscana  |b OF 
942 |c CRP-SM 
943 |g Biblioteca del Convento de Santa Mónica de la Ciudad de Puebla. Puebla 
999 |c 961374  |d 961374